Leader xxxxxxxxxx
001 __ PCLIS00047005
005 __ 20211109095058.0
009 __ |a(CIP)103012441
010 0_ |a978-986-5706-25-8|b平裝|dNT$230
100 __ |a20141210d2014 m y0chiy09 e
101 0_ |achi
102 __ |atw
105 __ |ay z 000ay
200 1_ |a地獄滅佛|fDiv(另一種聲音)著
205 __ |a初版
210 __ |a臺北市|c春天出版|a新北市新店區|c楨德圖書總經銷|d2014[民103]
215 0_ |a255面|d21公分
225 2_ |a地獄系列|i第十二部|h12
225 1_ |a奇幻次元|v29
300 __ |a地獄系列第十二部
410 _0 |12001 |a奇幻次元|v29
461 _1 |12001 |a地獄系列|v12
681 __ |a857.7|b8726
700 _0 |a另一種聲音|c(Div)|f1978- 4著
801 _0 |atw|b內湖高中|c20141210|gCCR
|